000 01036nam a22001937a 4500
999 _c64163
_d64163
003 Ge_BSU
005 20260424104204.0
008 260423s1965 ge ||||| |||| 00| 0 geo d
041 _ageo
080 _a338.45:664(479.22) ჩ-69
100 _aჩიქავა. ლეო
_927363
245 _aსაქართველოს სსრ კვების მრეწველობის ადგილი და როლი შრომის საერთო-საკავშირო დანაწილებაში /
_cლეო ჩიქავა.
264 _aთბილისი :
_bსაბჭ. საქართველო,
_c1965.
300 _a431 გვ. ;
_b23 სმ.
504 _aბიბლიოგრაფია შენიშვნებში.
653 _aსაქართველოს კვების მრეწველობა
653 _aშრომის საერთო-საკავშირო დანაწილება
942 _2udc
_cᲬᲘᲒᲜᲘ